Trouve les noms de cocktails #2 - Rhum - Statistiques

Statistiques générales
  • Ce quiz a été pris 151 fois
  • Le résultat moyen est 5 sur 15
Statistiques - réponses
Hint Réponse % Correct
menthe / citron vert mojito
83%
coco / ananas piña colada
81%
espresso / miel / amaretto café créole
61%
coca / citron vert cuba libre
58%
sucre de canne / citron vert ti-punch
43%
citron vert daïquiri
30%
grenade / fleur de sureau / cerise mademoiselle
30%
citron / blanc d'oeuf / sirop rum sour
28%
ananas / goyave / orange punch planteur
26%
gin / cognac / amaretto Long Island Pomanok
17%
curaçao / orgeat mai tai
17%
fruit de la passion / sucre vanillé tempête tropicale
17%
bière de gingembre Dark & Stormy
16%
ananas / orange / limonade / grenadine punch cubain
9%
fruit de la passion / orange / grenadine hurricane
6%
Aucun quiz correspondant
Distribution des résultats
% des personnes avec chaque résultat
Percentile par nombre de réponses
Votre historique - résultats
Vous n’avez pas pris ce quiz